The geometrical tolerancing desk reference: creating and interpreting ISO standard technical drawings (Record no. 44503)

MARC details
000 -LEADER
fixed length control field 00694nam a2200181 a 4500
008 - FIXED-LENGTH DATA ELEMENTS--GENERAL INFORMATION
fixed length control field 071212s2005 ||||||||||||||||| || u
020 ## - INTERNATIONAL STANDARD BOOK NUMBER
International Standard Book Number 0750668210
050 ## - LIBRARY OF CONGRESS CALL NUMBER
Classification number T 353 Gre
100 ## - MAIN ENTRY--PERSONAL NAME
Personal name Green, Paul
245 14 - TITLE STATEMENT
Title The geometrical tolerancing desk reference: creating and interpreting ISO standard technical drawings
Statement of responsibility, etc. Paul Green
260 ## - PUBLICATION, DISTRIBUTION, ETC.
Place of publication, distribution, etc. Amsterdam
Name of publisher, distributor, etc. Elsevier/Newnes
Date of publication, distribution, etc. 2005
300 ## - PHYSICAL DESCRIPTION
Extent 197p.: ill.
350 ## - PRICE (NR) (BK AM CF MU VM SE) [OBSOLETE]
Price 0.00
650 ## - SUBJECT ADDED ENTRY--TOPICAL TERM
Topical term or geographic name entry element ENGINEERING
650 ## - SUBJECT ADDED ENTRY--TOPICAL TERM
Topical term or geographic name entry element MECHANICAL DRAWING
650 ## - SUBJECT ADDED ENTRY--TOPICAL TERM
Topical term or geographic name entry element TOLERANCE (ENGINEERING)
995 ## - RECOMMENDATION 995 [LOCAL, UNIMARC FRANCE]
-- 0.00
-- CBU-MAIN LIBRARY (Kitwe)
-- 1
-- 0.00
-- 1
-- AVAILABLE
-- Dec 12, 2007
-- Main Library Open Access Collection
Holdings
Withdrawn status Lost status Source of classification or shelving scheme Damaged status Not for loan Home library Current library Shelving location Date acquired Total Checkouts Full call number Barcode Date last seen Price effective from Koha item type
          CBU-MAIN LIBRARY, KITWE. CBU-MAIN LIBRARY, KITWE.   11/30/2022   T 353 Gre 738155 11/30/2022 11/30/2022 MONOGRAPH